01196nam a2200241Ia 450000100060000000300090000600800410001504000130005604000130006904100130008210000240009510000290011924500360014824500360018425000110022026000160023126000140024726000490026130000430031050005380035365000320089165000310092316050IT-RoPAU130308s9999 xx 000 0 und d aIT-RoPAU cIT-RoPAU aFRANCESE aQuiniou Jean-Claude gCodice Aut. SPICS: 10324 aTelematique, mythes et realites bTelematique, Mythes et Realites a1a ed. aSAINT/AMAND bGallimard c1980 [1° Ed.:1980 - Ed.Ling.Originale:1980] a"244 p. (prefazione: no ; testo: 244)" aTelematica Miti e Realtà. Nuovi mezzi e Nuovi Servizi: Computer e Schermotelevisivo, Trasmissione a Distanza, Microprocessori, Megamemoria. Corriere Elettronico, Teletex, Teletel, banche Dati, Teleconferenze. Evoluzione Industriale e Automatizzazione del Terziario: professioni dell'Informatica. Sviluppi tecnici Verso Il Grande Pubblico: Pay Tv, Registratori, Campo Dellaradio e del Suono. liberalismo Tecnocratico Attraverso Esperienze Straniere: Nuovi Miti degli Stati Uniti e del Giappone. Orientamenti per una Ricerca Teorica. aSAGGI SULLA MULTIMEDIALITA' eCodice materia Spics: 4257